000 00478nam a2200169 i 4500
001 23473
003 ES-MaACL
005 20240424063037.0
007 t|
008 021210s1973 sp ||||1| spa d
100 1 _aÁlvarez Lencero, Luis,
_d1923-1983
_9138667
245 1 0 _aCanciones en carne viva /
_cLuis Alvarez Lencero.
260 _a[Bilbao :
_bZero,
_c1973]
300 _a67 p. ;
_c17 cm.
852 _aES-MaACL
_jC-53753
_bR.86697
999 _c23473
_d23473